| 000 | 00649nam a22001817a 4500 | ||
|---|---|---|---|
| 008 | 161007b xxu||||| |||| 00| 0 eng d | ||
| 020 | _a0199921744 | ||
| 040 |
_aKABU _cKABU |
||
| 050 |
_aML3790 _b.B87 2013 C.1 |
||
| 100 | _aBurgess, Richard James | ||
| 245 |
_aTheb art of music production _bthe theory and practice _cby Richard James Burgess |
||
| 250 | _a4th ed. | ||
| 260 |
_aNew York _bOxford university press _c2013 |
||
| 300 | _axii, 329 p. | ||
| 650 |
_2Sound recordings _xProduction and direction |
||
| 650 |
_2Sound recordings industry _xVocational guidance |
||
| 942 |
_2lcc _cBK _e4th ed. _hML 3790 .B87 2013 C.1 |
||
| 999 |
_c16169 _d16169 |
||